000 01095nam a2200289 i 4500
001 104996
003 ES-MaACL
005 20250928125741.0
007 t|
008 050606s1966 sp a |||| | spa d
080 _a75 Aguayo Álvarez, Mariano (083.82)
100 1 _aAguayo Álvarez, Mariano.
_918639
245 1 0 _aAguayo
_b: [exposición, Sala del Prado del Ateneo de Madrid, enero y febrero de 1966] /
_c[texto, C.L. Popovici].
260 _a[Madrid] :
_bPublicaciones Españolas,
_c[1966]
300 _a[16] p. :
_bil. ;
_c23 cm.
490 1 _aCuadernos de arte. Serie divulgación ;
_v42
600 1 4 _aAguayo Álvarez, Mariano-
_vExposiciones.
_918640
610 2 7 _aAteneo de Madrid-
_vExposiciones-
_y1960-1969.
_91920
655 7 _2tgfbne
_9193628
_aCatálogos de exposiciones
700 1 _aPopovici, Cirilo L.,
_d1902-1995
_993104
710 2 _aAteneo de Madrid.
_bSala del Prado.
_91965
830 0 _aCuadernos de arte. Serie divulgación ;
_v42
_9184876
852 _aES-MaACL
_j2204-F-19 ;
852 _aES-MaACL
_jF-10824(9).
942 _2udc
999 _c104996
_d104996